Quiz Rap Francais - Statistiques

Statistiques générales
  • Ce quiz a été pris 5 645 fois
  • Le résultat moyen est 12 sur 25
Statistiques - réponses
Question Réponse % Correct
Quel rappeur pose avec un ours sur la pochette de son premier album studio ? PLK
70%
De quelle équipe de foot Zola porte le maillot sur la pochette de l'album "Cicatrices" ? Juventus
67%
En quelle année est sortit "Le monde chico" de PNL ? 2015
65%
Quel célèbre site est aussi un titre de Dinos ? XNXX
62%
Avec qui Joeystarr formait le groupe Suprême NTM ? Kool Shen
60%
Sur quel monument est assis Rohff sur la pochette de "La fierté des nôtres" ? L'Arc de triomphe
60%
De quelle ville vient Dosseh ? Orléans
58%
De quel film vient la phrase "J'ai des mains faites pour l'or et elles sont dans la merde" dans "Tmax 530" de Maes ? Scarface
57%
Quel morceau n'existe pas ? La fouine & Teddy Riner
55%
Quel rappeur a pour prénom William ? Les trois
54%
Quel média anime maintenant Mehdi Maïzi après avoir arrêté Rap Jeu ? Le code
52%
Comment s'appelle Sam's dans la série "Validé" ? Mastar
52%
Combien d'album studios a sortit Booba depuis 2002 ? 10
47%
Dans "Le bilan" de Nèg' Marrons, quel âge ont-ils pour "parler des histoires d'avant" ? 50 ans
45%
Dans quel club de foot Dinor RDT a signé un contrat professionnel ? Sassuolo
44%
Quel rappeur n'est pas originaire du 91 ? Rémy
42%
Comment s'appelle l'album commun d'Ashe 22 & Freeze Corleone ? RIYAD SADIO
42%
Avec qui Gazo n'a t'il jamais fait de feat ? Médine
41%
Quel rappeur fait les back dans "Voyage léger" de Nekfeu ? Niska
40%
Combien des trois albums de Nekfeu sont certifié disque de diamant ? Trois
39%
Combien de rappeur chantent sur l'album "13'Organisé" ? 54
38%
Pour quelle marque Vald est-il devenu égérie ? Adidas
30%
Quel rappeur a vendu le plus d'album en 2020 ? Ninho - M.I.L.S 3.0
27%
Combien de rappeur chantent sur l'album "Le Classico Organisé" ? 157
9%
Combien y a-t-il de membres dans le groupe IAM ? 6
5%
Aucun quiz correspondant
Distribution des résultats
% des personnes avec chaque résultat
Percentile par nombre de réponses
Votre historique - résultats
Vous n’avez pas pris ce quiz